[Event "Holguin Province-ch sf"]
[Site "Holguin"]
[Date "2018.09.09"]
[Round "4"]
[White "Siam Arias, Juan"]
[Black "Torres Exposito, Amado"]
[Result "1/2-1/2"]
[WhiteElo "1974"]
[BlackElo "1992"]
[PlyCount "72"]
[EventDate "2018.09.07"]
[EventType "swiss"]
[EventRounds "7"]
[EventCountry "CUB"]
[SourceTitle "EXT 2021"]
[Source "ChessBase"]
[SourceDate "2020.10.23"]
[SourceVersion "1"]
[SourceVersionDate "2020.10.23"]
[SourceQuality "1"]

1. d4 d5 2. Nf3 c5 3. c3 Nc6 4. dxc5 e6 5. b4 a5 6. Qb3 axb4 7. cxb4 b6 8. e3 bxc5 9. Bb5 Bd7 10. bxc5 Bxc5 11. 0-0 f6 12. Nc3 Nge7 13. Rd1 Kf7 14. a4 Qb6 15. Ba3 Na5 16. Qa2 Bxb5 17. Nxb5 Nc4 18. Bxc5 Qxc5 19. Nfd4 Rhb8 20. Qe2 g6 21. Qg4 Rb6 22. Qh4 Kg7 23. Rdc1 e5 24. Nf3 Qb4 25. Nc3 Nd2 26. Qxb4 Nxf3+ 27. gxf3 Rxb4 28. Rcb1 Rc4 29. Rb7 Rxc3 30. Rxe7+ Kh6 31. a5 Ra6 32. Rb7 Rc5 33. Rb6 Rxb6 34. axb6 Rb5 35. Rd1 Rxb6 36. Rxd5 g5 1/2-1/2

[Event "Holguin Province-ch sf"]
[Site "Holguin"]
[Date "2018.09.08"]
[Round "2"]
[White "Cespedes Bejerano, Jose Angel"]
[Black "Siam Arias, Juan"]
[Result "1-0"]
[WhiteElo "2080"]
[BlackElo "1974"]
[PlyCount "137"]
[EventDate "2018.09.07"]
[EventType "swiss"]
[EventRounds "7"]
[EventCountry "CUB"]
[SourceTitle "EXT 2021"]
[Source "ChessBase"]
[SourceDate "2020.10.23"]
[SourceVersion "1"]
[SourceVersionDate "2020.10.23"]
[SourceQuality "1"]

1. d4 Nf6 2. Nf3 d6 3. Nc3 Nbd7 4. e4 e5 5. Bc4 Be7 6. h3 0-0 7. Be3 c6 8. Bb3 b5 9. a3 a5 10. d5 c5 11. Nxb5 a4 12. Bc4 Nxe4 13. 0-0 f5 14. Re1 Bb7 15. Ba2 Kh8 16. c4 Ndf6 17. Bb1 Qd7 18. Bd3 Rfb8 19. b3 axb3 20. Qxb3 Bd8 21. Reb1 Ba5 22. Qc2 Ba6 23. a4 g6 24. Bxe4 Nxe4 25. Ng5 Nxg5 26. Bxg5 f4 27. Qe4 Kg7 28. f3 h6 29. Bh4 g5 30. Bf2 h5 31. Be1 Bd8 32. Bc3 Bf6 33. Kf2 Rh8 34. Rh1 g4 35. Ba5 Bh4+ 36. Ke2 Kf7 37. Bc3 Rag8 38. Rag1 gxf3+ 39. gxf3 Rxg1 40. Rxg1 Bg3 41. Rh1 Rh6 42. Ba5 Rg6 43. Qc2 Bh4 44. Kf1 Kg7 45. Nc7 Bc8 46. Ne6+ Rxe6 47. dxe6 Qxe6 48. Kg2 Ba6 49. Be1 Bf6 50. Rg1 Bc8 51. Kh2+ Kf8 52. Qg2 e4 53. fxe4 Be5 54. Qf3 Qxc4 55. Bg3 Bb7 56. Re1 d5 57. Bxf4 dxe4 58. Qf1 Qxf1 59. Rxf1 Bd4 60. Be5+ Ke7 61. Bxd4 cxd4 62. Rb1 Bd5 63. Rd1 d3 64. Kg3 Bb3 65. Rd2 Bxa4 66. Kf4 Bc6 67. Ke3 Kf6 68. Rg2 Bd5 69. h4 1-0

[Event "Adelquis Remon Memorial-F"]
[Site "Holguin"]
[Date "2017.11.07"]
[Round "10.1"]
[White "Venzant Batista, Marcia Camila"]
[Black "Siam Arias, Juan"]
[Result "1/2-1/2"]
[WhiteElo "2027"]
[BlackElo "2030"]
[PlyCount "24"]
[EventDate "2017.11.02"]
[EventType "tourn"]
[EventRounds "10"]
[EventCountry "CUB"]
[SourceTitle "EXT 2023"]
[Source "ChessBase"]
[SourceDate "2022.10.05"]
[SourceVersion "1"]
[SourceVersionDate "2022.10.05"]
[SourceQuality "1"]

1. e4 Nc6 2. Nf3 e6 3. d4 d5 4. e5 Nge7 5. c3 h6 6. Bd3 g6 7. 0-0 Nf5 8. Nbd2 Bg7 9. Re1 Bd7 10. Nf1 h5 11. Ne3 Nce7 12. Nxf5 Nxf5 1/2-1/2

[Event "Adelquis Remon Memorial-F"]
[Site "Holguin"]
[Date "2017.11.05"]
[Round "7.2"]
[White "Siam Arias, Juan"]
[Black "Leyva Infante, Victor Manuel"]
[Result "1/2-1/2"]
[WhiteElo "2030"]
[BlackElo "2036"]
[PlyCount "106"]
[EventDate "2017.11.02"]
[EventType "tourn"]
[EventRounds "10"]
[EventCountry "CUB"]
[SourceTitle "EXT 2023"]
[Source "ChessBase"]
[SourceDate "2022.10.05"]
[SourceVersion "1"]
[SourceVersionDate "2022.10.05"]
[SourceQuality "1"]

1. d4 d5 2. f4 Nf6 3. e3 Ne4 4. Nf3 Bg4 5. Bd3 e6 6. Nbd2 f5 7. 0-0 Bd6 8. Qe1 Nxd2 9. Bxd2 Bxf3 10. Rxf3 Nd7 11. Bb4 Be7 12. Qc3 Nf6 13. Qb3 c6 14. c4 g6 15. a4 0-0 16. a5 Rb8 17. Qa3 Rf7 18. Bxe7 Rxe7 19. c5 Rg7 20. Qc3 g5 21. fxg5 Rxg5 22. Qe1 Nd7 23. Rg3 Kh8 24. Rxg5 Qxg5 25. Qg3 Qxg3 26. hxg3 a6 27. Kf2 Nf6 28. Ra3 Rc8 29. Rb3 Rc7 30. Kf3 Kg7 31. Kf4 Nd7 32. g4 fxg4 33. Kxg4 Kf6 34. Rc3 e5 35. Bxh7 exd4 36. exd4 Nxc5 37. Rxc5 Rxh7 38. Rc3 Re7 39. Rf3+ Kg6 40. Rb3 Re4+ 41. Kf3 Rxd4 42. Rxb7 Ra4 43. b4 Kf5 44. g4+ Ke5 45. g5 Kf5 46. g6 Kxg6 47. Ke3 c5 48. bxc5 Rc4 49. Rb6+ Kf5 50. c6 Ke5 51. Rxa6 Rc3+ 52. Kd2 Rc5 53. Kd3 Kd6 1/2-1/2

[Event "Adelquis Remon Memorial-F"]
[Site "Holguin"]
[Date "2017.11.02"]
[Round "2.2"]
[White "Leyva Infante, Victor Manuel"]
[Black "Siam Arias, Juan"]
[Result "1-0"]
[WhiteElo "2036"]
[BlackElo "2030"]
[PlyCount "103"]
[EventDate "2017.11.02"]
[EventType "tourn"]
[EventRounds "10"]
[EventCountry "CUB"]
[SourceTitle "EXT 2023"]
[Source "ChessBase"]
[SourceDate "2022.10.05"]
[SourceVersion "1"]
[SourceVersionDate "2022.10.05"]
[SourceQuality "1"]

1. d4 d5 2. Nf3 e6 3. Bg5 Be7 4. Bxe7 Qxe7 5. Nbd2 f5 6. e3 Nd7 7. Bd3 Ngf6 8. 0-0 0-0 9. c3 c6 10. Qc2 Ne4 11. c4 Rf6 12. g3 Rh6 13. Bxe4 fxe4 14. Ne1 Qg5 15. f4 Qh5 16. Rf2 Nf6 17. Nf1 Ng4 18. Rg2 Qh3 19. Qc3 b6 20. b3 a5 21. a4 Ba6 22. Nc2 Rf8 23. Na3 g5 24. Raa2 Rhf6 25. Rac2 Kh8 26. Qe1 Rg6 27. b4 dxc4 28. b5 cxb5 29. axb5 Bb7 30. Nxc4 Rfg8 31. Nd6 Bd5 32. Nf7+ Kg7 33. Rc7 Kf6 34. fxg5+ Rxg5 35. Nxg5 Rxg5 36. Qc3 Rf5 37. Rc8 Rxf1+ 38. Kxf1 Nxh2+ 39. Kg1 Nf3+ 40. Kf2 Qh1 41. Qc1 Qh6 42. Qc7 a4 43. Qxb6 a3 44. Qd8+ Kg6 45. Qe8+ Kf5 46. Qg8 Qg6 47. g4+ Kg5 48. Qxg6+ hxg6 49. Rc1 a2 50. Kg3 Kf6 51. b6 Ke7 52. Rxa2 1-0